000 00445nam a2200169Ia 4500
003 GCL
008 140319s9999 xx 000 0 eng d
040 _aGCL /
_cGCL
082 0 4 _a526.9
_bS T
100 1 _aSHAHANI, P.B.
245 1 0 _aTEXTBOOK OF SURVEYING /
_cSHAHANI, P.B.
260 _a[S.N] :
_bOXFORD & IBH PUBLISHING CO.PVT. LTD. ،
_c1992
300 _a625 P
650 0 4 _aCIVIL ENGINEERING
650 0 4 _aSURVERYING
942 _2ddc
_cBK
999 _c20341
_d20341